000 00648nam a2200193 a 4500
005 20210219160228.0
008 080926s2000 mx r 000 0 spa d
020 _a9682950597
035 _aUPN01000161203
049 _aUNE
080 _aOC 31:378 (72) =20 "1994" DAT.
245 0 0 _aBasic data on higher education, 1994
260 _aMéxico : SEP : ANUIES, 1994.
300 _a179 p.; 17 x 11 cm. il., fot.
690 _aEstadisticas educacionales- Enseñanza superior- Mexico
690 _aEnseñanza superior- Estadisticas educacionales- Mexico
690 _aMexico- Estadisticas educacionales- Enseñanza superior
905 _aUNESCO
999 _c133316
_d133316